000 00435ntaaa2200169 4500
003 01
005 20251027201023.0
008 0714s1973 ag 01
040 _aAR-BaBN
_bspa
_cAR-BaBN
_eaacr
_dRIC
082 _a137 M99
100 _aMyers, F. W. H.
_97384
245 _aLa personalidad humana /
_cF. W. H. Myers
250 _a1 ed.
260 _aParís :
_bLibrería de la Vda. de Ch. Bouret,
_c1906
300 _a349 p.
942 _cBK
999 _c4270
_d4270